| 000 | 00000nam##2200000za#4500 |
| 001 | 9.624355 |
| 003 | CaOODSP |
| 005 | 20200327180440 |
| 007 | ta |
| 008 | 150406|1996||||xxc||||| f|0| 0 fre|d |
| 020 | |a0-662-82087-8 |
| 040 | |aCaOODSP|bfre |
| 043 | |an-cn--- |
| 086 | 1 |aF21-4/96-7F |
| 110 | 1 |aCanada. |bMinistère des finances. |
| 245 | 10|aLes effets économiques de l'imposition des dividendes / |cpar Kenneth J. McKenzie et Aileen J. Thompson. |
| 260 | |aOttawa - Ontario : |bFinances Canada |c1996. |
| 300 | |a34p. : |bréférences, tableaux ; |c28 cm. |
| 490 | 1 |aDocument de travail|v96-7 |
| 500 | |a«Cette étude porte sur la justification théorique et les répercussions de l'imposition des dividendes dans le contexte de l'économie canadienne. Il analyse en particulier les répercussions de l'imposition des dividendes sur les investissements réels. Il décrit trois théories de l'imposition des dividendes, dont chacune a des répercussions différentes sur les investissements et la politique financière des entreprises.»--Résumé. |
| 520 | 3 |aCette étude porte sur la justification théorique et les répercussions de l'imposition des dividendes dans le contexte de l'économie canadienne. Il analyse en particulier les répercussions de l'imposition des dividendes sur les investissements réels. Il décrit trois théories de l'imposition des dividendes, dont chacune a des répercussions différentes sur les investissements et la politique financière des entreprises.--Résumé |
| 563 | |aCouverture souple |
| 590 | |a97-18|b1997-05-02 |
| 691 | 07|aImpôt|2gcpds |
| 691 | 07|aEntreprise|2gcpds |
| 691 | 07|aInvestissement|2gcpds |
| 720 | 1 |aMcKenzie, Kenneth J. |
| 720 | 1 |aThompson, Aileen J. |
| 775 | 08|tThe economic effects of dividend taxation / |w(CaOODSP)9.613808 |
| 776 | 0#|tLes effets économiques de l'imposition des dividendes / |w(CaOODSP)9.602717 |
| 830 | #0|aDocument de travail ;|v96-7|w(CaOODSP)9.513002 |